El Güegüense : Coloquio debate memoria
| Main Author: | |
|---|---|
| Format: | Section = Libro |
| Language: | Undetermined Spanish |
| Published: |
Managua
Instituto Nicaragüense de Cultura
2008
|
| Subjects: |
| LEADER | 00513nam a2200181Ia 4500 | ||
|---|---|---|---|
| 008 | 240829s9999 xx 000 0 und d | ||
| 020 | |a 978-99924-30-29 | ||
| 040 | |a BIBLIOTECA-RUSB/ Ref 860.44 G924 | ||
| 041 | |a spa | ||
| 082 | |a Ref 860.44 G924 | ||
| 100 | 1 | |a Arellano, Jorge Eduardo | |
| 245 | 1 | 0 | |a El Güegüense : Coloquio debate memoria |
| 260 | |a Managua |b Instituto Nicaragüense de Cultura |c 2008 | ||
| 300 | |a 128 p. :il. | ||
| 650 | 7 | |a LITERATURA NICARAGUENSE | |
| 942 | |c BK |2 ddc | ||
| 991 | |a TEXTO | ||
| 999 | |c 6680 | ||